[Event "Cilacap MPCNI"]
[Site "Cilacap"]
[Date "2017.12.29"]
[Round "8"]
[White "Prayitno, Sugeng"]
[Black "Verdiana, Norasa"]
[Result "1/2-1/2"]
[WhiteElo "2325"]
[BlackElo "2104"]
[PlyCount "65"]
[EventDate "2017.12.26"]
[EventType "tourn"]
[EventRounds "9"]
[EventCountry "INA"]
[SourceTitle "CBM 182 Extra"]
[Source "ChessBase"]
[SourceDate "2018.02.23"]
[SourceVersion "1"]
[SourceVersionDate "2018.02.23"]
[SourceQuality "1"]

1. e4 e5 2. Nc3 Nf6 3. Bc4 Bc5 4. d3 d6 5. h3 h6 6. Nge2 0-0 7. Be3 Bb6 8. Qd2 Nc6 9. 0-0-0 Na5 10. f3 Nxc4 11. dxc4 Be6 12. Nd5 Bxd5 13. cxd5 Bxe3 14. Qxe3 Qd7 15. Kb1 a5 16. c4 b5 17. c5 b4 18. c6 Qd8 19. g4 Nh7 20. Ng3 Qg5 21. Qxg5 hxg5 22. Nf5 g6 23. Ne3 Kg7 24. Kc2 a4 25. Kd3 f6 26. h4 gxh4 27. Rxh4 Ng5 28. Ke2 Rh8 29. Rdh1 Rxh4 30. Rxh4 Rb8 31. Nc4 Ra8 32. Rh1 Rb8 33. Nd2 1/2-1/2

[Event "Jakarta Indonesia op 2nd"]
[Site "Jakarta"]
[Date "2012.10.13"]
[Round "4"]
[White "Bai, Jinshi"]
[Black "Prayitno, Sugeng"]
[Result "1-0"]
[WhiteElo "2252"]
[BlackElo "2351"]
[PlyCount "109"]
[EventDate "2012.10.11"]
[EventType "swiss"]
[EventRounds "9"]
[EventCountry "INA"]
[SourceTitle "EXT 2013"]
[Source "ChessBase"]
[SourceDate "2012.11.22"]
[SourceVersion "1"]
[SourceVersionDate "2012.11.22"]
[SourceQuality "1"]

1. d4 d6 2. c4 g6 3. Nc3 Bg7 4. Nf3 Nf6 5. g3 0-0 6. Bg2 Nc6 7. 0-0 e5 8. d5 Ne7 9. e4 Ne8 10. Ne1 f5 11. Nd3 Nf6 12. Bg5 fxe4 13. Nxe4 Nf5 14. g4 Ne7 15. Bxf6 Bxf6 16. f4 exf4 17. Nxf6+ Rxf6 18. Nxf4 Qf8 19. Qd4 Qg7 20. g5 Rf7 21. Qxg7+ Kxg7 22. Rae1 Rb8 23. Be4 Bd7 24. Ne6+ Bxe6 25. dxe6 Rff8 26. Rxf8 Rxf8 27. Bxb7 Rf5 28. h4 h6 29. gxh6+ Kxh6 30. Kg2 Kg7 31. Bf3 Kf6 32. Bg4 Rf4 33. Rf1 Rxf1 34. Kxf1 Ke5 35. Kf2 Kd4 36. b3 a5 37. Kf3 Ke5 38. Bh3 Nc6 39. Ke3 Kf6 40. Ke4 Nd8 41. Kd5 Ke7 42. a3 c6+ 43. Ke4 Kf6 44. b4 axb4 45. axb4 Nxe6 46. Bxe6 Kxe6 47. Kf4 d5 48. cxd5+ cxd5 49. b5 Kd6 50. b6 Kc6 51. Ke5 Kxb6 52. Kxd5 Kc7 53. Ke6 Kd8 54. Kf7 Kd7 55. Kg7 1-0

[Event "Jakarta Indonesia op 2nd"]
[Site "Jakarta"]
[Date "2012.10.13"]
[Round "5"]
[White "Prayitno, Sugeng"]
[Black "Purba, Cornelis"]
[Result "1-0"]
[WhiteElo "2351"]
[BlackElo "2203"]
[PlyCount "107"]
[EventDate "2012.10.11"]
[EventType "swiss"]
[EventRounds "9"]
[EventCountry "INA"]
[SourceTitle "EXT 2013"]
[Source "ChessBase"]
[SourceDate "2012.11.22"]
[SourceVersion "1"]
[SourceVersionDate "2012.11.22"]
[SourceQuality "1"]

1. Nf3 c5 2. g3 Nc6 3. d4 d5 4. Bg2 Nf6 5. 0-0 e6 6. c4 dxc4 7. Qa4 Bd7 8. dxc5 Na5 9. Qc2 Bxc5 10. Ne5 Rc8 11. Nc3 a6 12. Bf4 b5 13. Rad1 Qb6 14. Bg5 Rd8 15. Qd2 Qc7 16. Qf4 Be7 17. Ne4 Bc8 18. Nxf6+ gxf6 19. Bxf6 Bxf6 20. Qxf6 Rf8 21. Bf3 Qe7 22. Qh6 Bb7 23. Bh5 Rd5 24. Qg7 b4 25. e4 Rxe5 26. Qxe5 Nc6 27. Qg7 Qc5 28. Bg4 Ne5 29. Rd5 exd5 30. Qxe5+ Kd8 31. Qb8+ Bc8 32. Rd1 d4 33. Bxc8 Ke7 34. Qb7+ Kf6 35. Qxa6+ Kg7 36. Bf5 Rd8 37. b3 c3 38. Qd3 Qa5 39. Qc2 h5 40. h4 Qc5 41. Qd3 Qa5 42. Qe2 d3 43. Rxd3 Rxd3 44. Qxd3 Qxa2 45. e5 Qxb3 46. Kg2 Qa2 47. Qd6 Qa8+ 48. Kh2 Qf3 49. Qf6+ Kf8 50. Bc2 Qd5 51. Qb6 Qc4 52. Qh6+ Kg8 53. Bh7+ Kh8 54. Bd3+ 1-0

[Event "Jakarta Telin op"]
[Site "Jakarta"]
[Date "2011.04.03"]
[Round "4"]
[White "Hidayat, Arifin"]
[Black "Prayitno, Sugeng"]
[Result "0-1"]
[WhiteElo "2175"]
[BlackElo "2348"]
[PlyCount "136"]
[EventDate "2011.04.01"]
[EventType "swiss"]
[EventRounds "9"]
[EventCountry "INA"]
[SourceTitle "CBM 141 Extra"]
[Source "ChessBase"]
[SourceDate "2011.05.03"]
[SourceVersion "1"]
[SourceVersionDate "2011.05.03"]
[SourceQuality "1"]

1. d4 g6 2. Nf3 Bg7 3. c4 d6 4. g3 Nf6 5. Nc3 0-0 6. Bg2 Nc6 7. 0-0 e5 8. d5 Ne7 9. Ne1 Ne8 10. e4 f5 11. Nd3 Nf6 12. f4 fxe4 13. fxe5 exd3 14. exf6 Bxf6 15. Qxd3 Bf5 16. Ne4 Bg7 17. Bg5 h6 18. Be3 g5 19. Bd4 Ng6 20. Bxg7 Kxg7 21. Rxf5 Rxf5 22. Nxd6 Rf6 23. Ne4 Rf7 24. Qd4+ Kg8 25. Bh3 Nf8 26. Rf1 Rxf1+ 27. Kxf1 Qe7 28. Bg4 Qg7 29. Qf2 Nh7 30. Bf5 b6 31. g4 Rf8 32. Kg2 Nf6 33. Ng3 Nxg4 34. Qe2 Nf6 35. Be6+ Kh8 36. Nf5 Qh7 37. Qe5 h5 38. b4 h4 39. h3 Qg6 40. c5 bxc5 41. bxc5 g4 42. Kh2 Qg5 43. hxg4 Qxg4 44. d6 cxd6 45. Nxd6 Qg7 46. Kh3 Nh7 47. Qxg7+ Kxg7 48. Kxh4 Kf6 49. Bb3 Ke5 50. Nf7+ Kd4 51. c6 Kc5 52. c7 Rc8 53. Nd8 Nf8 54. Nb7+ Kc6 55. Na5+ Kxc7 56. Kg5 Kd6 57. Nc4+ Kc5 58. Ne5 a5 59. Kf6 Rc7 60. Nd3+ Kd4 61. Nf4 Rc6+ 62. Kf7 Nd7 63. Ne6+ Ke5 64. Nd8 Rb6 65. Ke7 Nc5 66. Bg8 a4 67. Nf7+ Ke4 68. Nd6+ Ke3 0-1

[Event "ASEAN Circuit GM-B"]
[Site "Tarakan"]
[Date "2008.01.15"]
[Round "7"]
[White "Ardiansyah, Haji"]
[Black "Prayitno, Sugeng"]
[Result "0-1"]
[WhiteElo "2409"]
[BlackElo "2312"]
[PlyCount "72"]
[EventDate "2008.01.08"]
[EventType "tourn"]
[EventRounds "11"]
[EventCountry "INA"]
[EventCategory "6"]
[SourceTitle "CBM 122 Extra"]
[Source "ChessBase"]
[SourceDate "2008.03.04"]
[SourceVersion "1"]
[SourceVersionDate "2008.03.04"]
[SourceQuality "1"]

1. d4 Nf6 2. c4 g6 3. Nc3 Bg7 4. Nf3 d6 5. g3 0-0 6. Bg2 Nc6 7. 0-0 e5 8. h3 Bd7 9. Be3 h6 10. dxe5 dxe5 11. Qc1 Kh7 12. Rd1 Qc8 13. Kh2 Be6 14. b3 Nd7 15. Nd2 f5 16. f4 e4 17. Rb1 h5 18. Nd5 Nf6 19. Nf1 Rd8 20. Nc3 a6 21. Bf2 Rxd1 22. Qxd1 Qf8 23. Ne3 Rd8 24. Qc1 h4 25. gxh4 Ne7 26. Bg3 Nh5 27. Nf1 Bf6 28. e3 Nxg3 29. Nxg3 Bxh4 30. Nce2 c5 31. Rb2 Nc6 32. Rd2 Nb4 33. Qd1 Nxa2 34. Rxd8 Qxd8 35. Qxd8 Bxd8 36. Kg1 b5 0-1

[Event "ASEAN Circuit GM-B"]
[Site "Tarakan"]
[Date "2008.01.14"]
[Round "6"]
[White "Prayitno, Sugeng"]
[Black "Paragua, Mark"]
[Result "0-1"]
[WhiteElo "2312"]
[BlackElo "2521"]
[PlyCount "63"]
[EventDate "2008.01.08"]
[EventType "tourn"]
[EventRounds "11"]
[EventCountry "INA"]
[EventCategory "6"]
[SourceTitle "CBM 122 Extra"]
[Source "ChessBase"]
[SourceDate "2008.03.04"]
[SourceVersion "1"]
[SourceVersionDate "2008.03.04"]
[SourceQuality "1"]

1. d4 e6 2. Nf3 Nf6 3. c4 d5 4. Nc3 dxc4 5. Bg5 Bb4 6. e4 c5 7. Bxc4 cxd4 8. Bxf6 Qxf6 9. Qxd4 Nc6 10. Qxf6 gxf6 11. Rc1 Ke7 12. 0-0 Rd8 13. a3 Bd6 14. g3 Bd7 15. Nb5 Be5 16. Rc2 a6 17. Nc3 Nd4 18. Nxd4 Bxd4 19. Ne2 Ba7 20. Kg2 Ba4 21. b3 Bc6 22. f3 Rd6 23. b4 Ba4 24. Rb2 Rc8 25. Ba2 Rd3 26. Rc1 Rxc1 27. Nxc1 Rxa3 28. Bb3 Be3 29. Bxa4 Bxc1 30. Rc2 Rxa4 31. Rxc1 Rxb4 32. Rc7+ 0-1

[Event "ASEAN Circuit GM-B"]
[Site "Tarakan"]
[Date "2008.01.10"]
[Round "3"]
[White "Prayitno, Sugeng"]
[Black "Gonzales, Jayson"]
[Result "0-1"]
[WhiteElo "2312"]
[BlackElo "2455"]
[PlyCount "84"]
[EventDate "2008.01.08"]
[EventType "tourn"]
[EventRounds "11"]
[EventCountry "INA"]
[EventCategory "6"]
[SourceTitle "CBM 122 Extra"]
[Source "ChessBase"]
[SourceDate "2008.03.04"]
[SourceVersion "1"]
[SourceVersionDate "2008.03.04"]
[SourceQuality "1"]

1. d4 d5 2. Bg5 Nc6 3. e3 f6 4. Bh4 Nh6 5. f4 Nf5 6. Bf2 e5 7. g4 Nd6 8. Nc3 exd4 9. exd4 Qe7+ 10. Be2 Be6 11. f5 Bf7 12. Nh3 0-0-0 13. Nf4 Ne4 14. 0-0 Nxf2 15. Rxf2 Qe3 16. Nb5 a6 17. Ng2 Qe7 18. Na3 g6 19. c3 gxf5 20. gxf5 Rg8 21. Nc2 Be8 22. b4 Qg7 23. Qd3 Qh6 24. Nce3 Bd6 25. Nf1 Bd7 26. a4 Ne7 27. b5 a5 28. b6 cxb6 29. Rb1 Bc7 30. c4 dxc4 31. Qxc4 Kb8 32. Bf3 Bc6 33. Bxc6 Nxc6 34. Rd1 Rg4 35. Rfd2 Qg5 36. Ng3 Bxg3 37. hxg3 Rxg3 38. d5 Ne5 39. Qe2 Nf3+ 40. Kf1 Qxf5 41. Qf2 Nxd2+ 42. Rxd2 Rf3 0-1

[Event "ASEAN Circuit GM-B"]
[Site "Tarakan"]
[Date "2008.01.09"]
[Round "2"]
[White "Mahmud, Syarif"]
[Black "Prayitno, Sugeng"]
[Result "1/2-1/2"]
[WhiteElo "2344"]
[BlackElo "2312"]
[PlyCount "72"]
[EventDate "2008.01.08"]
[EventType "tourn"]
[EventRounds "11"]
[EventCountry "INA"]
[EventCategory "6"]
[SourceTitle "CBM 122 Extra"]
[Source "ChessBase"]
[SourceDate "2008.03.04"]
[SourceVersion "1"]
[SourceVersionDate "2008.03.04"]
[SourceQuality "1"]

1. Nf3 g6 2. c4 Bg7 3. Nc3 d6 4. g3 e5 5. Bg2 f5 6. d3 Nf6 7. 0-0 Nc6 8. Rb1 0-0 9. b4 h6 10. b5 Ne7 11. a4 g5 12. Nd2 Rb8 13. e3 Be6 14. Qe2 Ng6 15. Bb2 Qd7 16. Nd5 c6 17. Nxf6+ Bxf6 18. Rfd1 d5 19. Ba3 Be7 20. Bb2 Kh7 21. cxd5 cxd5 22. Nf3 Bd6 23. d4 e4 24. Ne5 Qg7 25. f4 gxf4 26. exf4 Rbc8 27. Rdc1 Nxe5 28. fxe5 Be7 29. Rxc8 Rxc8 30. Rc1 Bg5 31. Rxc8 Bxc8 32. h4 Bd8 33. Qe3 Be7 34. Bc1 Bf8 35. Qc3 Be6 36. Bf4 Qe7 1/2-1/2

[Event "ASEAN Circuit GM-B"]
[Site "Tarakan"]
[Date "2008.01.08"]
[Round "1"]
[White "Prayitno, Sugeng"]
[Black "Nadanian, Ashot S"]
[Result "0-1"]
[WhiteElo "2312"]
[BlackElo "2436"]
[PlyCount "71"]
[EventDate "2008.01.08"]
[EventType "tourn"]
[EventRounds "11"]
[EventCountry "INA"]
[EventCategory "6"]
[SourceTitle "CBM 122 Extra"]
[Source "ChessBase"]
[SourceDate "2008.03.04"]
[SourceVersion "1"]
[SourceVersionDate "2008.03.04"]
[SourceQuality "1"]

1. d4 e6 2. c4 d5 3. Nf3 c5 4. cxd5 exd5 5. g3 Nc6 6. Bg2 Nf6 7. 0-0 Be7 8. dxc5 Bxc5 9. a3 a5 10. Qc2 Be7 11. Nc3 Be6 12. Rd1 Rc8 13. e4 d4 14. Qa4 Qb6 15. Nxd4 Bg4 16. Nf3 0-0 17. Nd5 Nxd5 18. exd5 Bxf3 19. Bxf3 Ne5 20. Be2 Bc5 21. Qf4 Rfe8 22. b4 axb4 23. axb4 Bd6 24. Be3 Qd8 25. Qd4 Rc4 26. Qa7 Rxb4 27. Rab1 Re4 28. Rxb7 Qc8 29. Kg2 Rxe3 30. fxe3 Qc2 31. Kf1 Nc4 32. Rxf7 Nxe3+ 33. Kg1 Nxd1 34. Qd7 Rxe2 35. Rxg7+ Kh8 36. Qf7 0-1

[Event "Kuala Lumpur op 3rd"]
[Site "Kuala Lumpur"]
[Date "2006.08.25"]
[Round "7"]
[White "Ismail, Ahmad"]
[Black "Prayitno, Sugeng"]
[Result "1/2-1/2"]
[WhiteElo "2137"]
[BlackElo "2321"]
[PlyCount "56"]
[EventDate "2006.08.21"]
[EventType "swiss"]
[EventRounds "11"]
[EventCountry "MAS"]
[SourceTitle "CBM 114 Extra"]
[Source "ChessBase"]
[SourceDate "2006.11.03"]
[SourceVersion "1"]
[SourceVersionDate "2006.11.03"]
[SourceQuality "1"]

1. d4 Nf6 2. Nf3 g6 3. Bf4 Bg7 4. Nbd2 d6 5. h3 c5 6. e3 0-0 7. Be2 Nc6 8. c3 cxd4 9. exd4 Re8 10. Bc4 e5 11. dxe5 dxe5 12. Be3 e4 13. Nd4 Nxd4 14. Bxd4 Bh6 15. 0-0 Nh5 16. Qb3 Be6 17. Rad1 Qc7 18. Bxe6 Rxe6 19. Nc4 Nf4 20. Be3 Rc8 21. Bxf4 Bxf4 22. Rd4 Rce8 23. Ne3 Bxe3 24. fxe3 Qg3 25. Rxe4 b6 26. Rf3 Qe1+ 27. Kh2 Rxe4 28. Qxf7+ Kh8 1/2-1/2

[Event "Kuala Lumpur op 3rd"]
[Site "Kuala Lumpur"]
[Date "2006.08.25"]
[Round "8"]
[White "Prayitno, Sugeng"]
[Black "Sukandar, Irine Kharisma"]
[Result "1-0"]
[WhiteElo "2321"]
[BlackElo "2237"]
[PlyCount "47"]
[EventDate "2006.08.21"]
[EventType "swiss"]
[EventRounds "11"]
[EventCountry "MAS"]
[SourceTitle "CBM 114 Extra"]
[Source "ChessBase"]
[SourceDate "2006.11.03"]
[SourceVersion "1"]
[SourceVersionDate "2006.11.03"]
[SourceQuality "1"]

1. Nf3 d5 2. g3 Nf6 3. Bg2 c5 4. 0-0 Nc6 5. d4 e6 6. c4 dxc4 7. Qa4 Bd7 8. Qxc4 Rc8 9. dxc5 Na5 10. Qc2 Bxc5 11. Nc3 0-0 12. Ne5 Bb5 13. Bg5 Bd4 14. Ng4 Qb6 15. Nxf6+ gxf6 16. Bh6 Rfe8 17. Qe4 f5 18. Qh4 Rc4 19. e4 f6 20. Rad1 Bc6 21. Qh5 Re7 22. exf5 Bxg2 23. Kxg2 Qxb2 24. Qg4+ 1-0

[Event "Kuala Lumpur op 3rd"]
[Site "Kuala Lumpur"]
[Date "2006.08.23"]
[Round "6"]
[White "Prayitno, Sugeng"]
[Black "Nadanian, Ashot S"]
[Result "0-1"]
[WhiteElo "2321"]
[BlackElo "2431"]
[PlyCount "68"]
[EventDate "2006.08.21"]
[EventType "swiss"]
[EventRounds "11"]
[EventCountry "MAS"]
[SourceTitle "CBM 114 Extra"]
[Source "ChessBase"]
[SourceDate "2006.11.03"]
[SourceVersion "1"]
[SourceVersionDate "2006.11.03"]
[SourceQuality "1"]

1. d4 e6 2. c4 d5 3. Nc3 c5 4. cxd5 cxd4 5. Qxd4 Nc6 6. Qd1 exd5 7. Qxd5 Bd7 8. Bg5 Nf6 9. Qd2 h6 10. Bh4 Bb4 11. a3 Ba5 12. b4 Nxb4 13. axb4 Bxb4 14. Qd4 Qe7 15. Bxf6 gxf6 16. Rc1 Rc8 17. e3 0-0 18. Nge2 Be6 19. f3 Rc4 20. Qd3 Rd8 21. Qb1 Qc5 22. Kf2 Rd2 23. g4 Rxc3 24. Rxc3 Qxc3 25. h4 Rb2 26. Qe4 Qe1+ 27. Kg2 Bd6 28. Rh3 Rxe2+ 29. Bxe2 Qxe2+ 30. Kg1 Bc4 31. f4 Qd1+ 32. Kf2 Qf1+ 33. Kg3 Qg1+ 34. Kf3 Be6 0-1

[Event "Kuala Lumpur op 3rd"]
[Site "Kuala Lumpur"]
[Date "2006.08.21"]
[Round "2"]
[White "Sadikin The, Irwanto"]
[Black "Prayitno, Sugeng"]
[Result "1-0"]
[WhiteElo "2469"]
[BlackElo "2321"]
[PlyCount "107"]
[EventDate "2006.08.21"]
[EventType "swiss"]
[EventRounds "11"]
[EventCountry "MAS"]
[SourceTitle "CBM 114 Extra"]
[Source "ChessBase"]
[SourceDate "2006.11.03"]
[SourceVersion "1"]
[SourceVersionDate "2006.11.03"]
[SourceQuality "1"]

1. d4 g6 2. c4 Bg7 3. Nf3 d6 4. Nc3 e5 5. Bg5 f6 6. Bc1 Nc6 7. d5 Nce7 8. e4 f5 9. Be2 Nf6 10. Bg5 0-0 11. Nd2 h6 12. Bxf6 Bxf6 13. b4 c6 14. 0-0 cxd5 15. cxd5 Bg7 16. a4 Kh8 17. Rc1 Ng8 18. Kh1 Nf6 19. f3 f4 20. Nc4 Rf7 21. Qe1 Bf8 22. Qf2 g5 23. a5 Bd7 24. Nd2 Qe8 25. Nd1 Rg7 26. Rc7 Qb8 27. Rc3 Qd8 28. g4 fxg3 29. hxg3 g4 30. Ne3 gxf3 31. Bxf3 Be7 32. Rfc1 Qg8 33. Rg1 Rf8 34. Qh2 Nh7 35. g4 Bg5 36. Nf5 Bxd2 37. Qxd2 Bxf5 38. exf5 Rxf5 39. Qxh6 Rf6 40. Qh2 Qf8 41. Be4 Rf2 42. Qh5 Qg8 43. Rgc1 Rf8 44. Rc7 Rf1+ 45. Rxf1 Rxc7 46. Rf6 Qd8 47. Rh6 Qg8 48. g5 Qf7 49. Qxf7 Rxf7 50. g6 Rf4 51. Rxh7+ Kg8 52. Bg2 Rg4 53. Rxb7 Rxg6 54. Rg7+ 1-0

[Event "Kuala Lumpur op 2nd"]
[Site "Kuala Lumpur"]
[Date "2005.08.26"]
[Round "11"]
[White "Ahmad, Iftikke"]
[Black "Prayitno, Sugeng"]
[Result "0-1"]
[WhiteElo "2250"]
[BlackElo "2333"]
[PlyCount "78"]
[EventDate "2005.08.20"]
[EventType "swiss"]
[EventRounds "11"]
[EventCountry "MAS"]
[SourceTitle "CBM 108 Extra"]
[Source "ChessBase"]
[SourceDate "2005.11.04"]
[SourceVersion "1"]
[SourceVersionDate "2005.11.04"]
[SourceQuality "1"]

1. d4 Nf6 2. Nf3 g6 3. Bg5 Bg7 4. Nbd2 h6 5. Bh4 g5 6. Bg3 d6 7. e4 Nh5 8. c3 c5 9. Bb5+ Bd7 10. Bxd7+ Nxd7 11. 0-0 Nxg3 12. hxg3 Qb6 13. Nc4 Qa6 14. Ne3 0-0-0 15. b4 Kb8 16. Qb3 e6 17. Nc4 Qc6 18. d5 Qc7 19. Rab1 exd5 20. exd5 f5 21. Rfe1 cxb4 22. Qxb4 Nb6 23. Nfd2 Nxd5 24. Qb3 Nxc3 25. Qxb7+ Qxb7 26. Rxb7+ Kxb7 27. Re7+ Ka6 28. Rxg7 Nxa2 29. Nb3 Nc3 30. Nd4 Ne4 31. f3 Rc8 32. fxe4 Rxc4 33. Nxf5 Rxe4 34. Nxd6 Re6 35. Nf5 Rb8 36. Rh7 Kb6 37. Nxh6 a5 38. Nf5 a4 39. Nd4 a3 0-1

[Event "Kuala Lumpur op 2nd"]
[Site "Kuala Lumpur"]
[Date "2005.08.25"]
[Round "10"]
[White "Prayitno, Sugeng"]
[Black "Panggabean, Hasian"]
[Result "1/2-1/2"]
[WhiteElo "2333"]
[BlackElo "2222"]
[PlyCount "120"]
[EventDate "2005.08.20"]
[EventType "swiss"]
[EventRounds "11"]
[EventCountry "MAS"]
[SourceTitle "CBM 108 Extra"]
[Source "ChessBase"]
[SourceDate "2005.11.04"]
[SourceVersion "1"]
[SourceVersionDate "2005.11.04"]
[SourceQuality "1"]

1. d4 e6 2. c4 Nf6 3. Nc3 Bb4 4. e3 0-0 5. Bd3 d6 6. Nge2 e5 7. 0-0 c6 8. a3 Ba5 9. b4 Bc7 10. d5 cxd5 11. cxd5 Nbd7 12. Ng3 a6 13. a4 g6 14. f4 exf4 15. exf4 Bb6+ 16. Kh1 Bd4 17. Nge2 Ba7 18. Qe1 Re8 19. f5 Be3 20. fxg6 hxg6 21. Qh4 Bxc1 22. Raxc1 Kg7 23. Nf4 Ne5 24. Bb1 Rh8 25. Qg3 Nh5 26. Nxh5+ Rxh5 27. Ne4 f5 28. Nf2 Qh4 29. Rc7+ Kg8 30. Qxh4 Rxh4 31. Nd3 Rc4 32. Re7 Kf8 33. Rh7 Nf7 34. Nf4 Kg8 35. Rh3 Kg7 36. Rb3 Bd7 37. a5 Rac8 38. Bd3 Rc1 39. Rb1 Rxb1 40. Rxb1 Ne5 41. Bf1 Kf6 42. h3 g5 43. Nh5+ Kg6 44. Ng3 Rc3 45. Kh2 Re3 46. b5 f4 47. Nh1 axb5 48. Nf2 Ra3 49. Rb2 Rxa5 50. Ne4 Nf7 51. Bd3 Bf5 52. Bb1 Ra1 53. Nc3 Bxb1 54. Nxb1 Ra5 55. Nc3 Kf5 56. Nxb5 Ke5 57. Nc7 Nd8 58. Re2+ Kd4 59. Re7 Rxd5 60. Nxd5 Kxd5 1/2-1/2

[Event "Kuala Lumpur op 2nd"]
[Site "Kuala Lumpur"]
[Date "2005.08.22"]
[Round "5"]
[White "Taleb, Moussa"]
[Black "Prayitno, Sugeng"]
[Result "1-0"]
[WhiteElo "2508"]
[BlackElo "2333"]
[PlyCount "85"]
[EventDate "2005.08.20"]
[EventType "swiss"]
[EventRounds "11"]
[EventCountry "MAS"]
[SourceTitle "CBM 108 Extra"]
[Source "ChessBase"]
[SourceDate "2005.11.04"]
[SourceVersion "1"]
[SourceVersionDate "2005.11.04"]
[SourceQuality "1"]

1. Nf3 g6 2. d4 Bg7 3. c3 d6 4. Bg5 Nf6 5. Nbd2 h6 6. Bh4 g5 7. Bg3 Nh5 8. e4 c5 9. dxc5 Nxg3 10. hxg3 dxc5 11. Bc4 Nc6 12. Qe2 e6 13. 0-0-0 Qc7 14. Bb3 Na5 15. Ba4+ Ke7 16. Nf1 a6 17. Ne3 b5 18. Bc2 b4 19. cxb4 cxb4 20. Kb1 Rb8 21. Ba4 b3 22. a3 Rb6 23. Rc1 Qb7 24. Nc4 Nxc4 25. Qxc4 Rd8 26. Rhd1 Bd7 27. Qc5+ Ke8 28. Rxd7 Rxd7 29. Bxd7+ Kxd7 30. e5 Rc6 31. Qd4+ Kc8 32. Rd1 Qc7 33. Qe4 Kb8 34. Nd4 Rc4 35. f4 h5 36. Qe3 h4 37. Qxb3+ Kc8 38. gxh4 gxf4 39. Nf3 f6 40. Nd4 Rxd4 41. Rxd4 Qxe5 42. Qc3+ Kb7 43. Rd7+ 1-0

[Event "Wotulo Memorial"]
[Site "Jakarta"]
[Date "2001.03.25"]
[Round "4"]
[White "Prayitno, Sugeng"]
[Black "Wahono, Awam"]
[Result "0-1"]
[WhiteElo "2391"]
[BlackElo "2401"]
[PlyCount "70"]
[EventDate "2001.03.23"]
[EventType "tourn"]
[EventRounds "13"]
[EventCountry "INA"]
[EventCategory "8"]
[SourceTitle "CBM 083"]
[Source "ChessBase"]
[SourceDate "2001.07.05"]
[SourceVersion "1"]
[SourceVersionDate "2001.07.05"]
[SourceQuality "1"]

1. d4 d6 2. c4 Nf6 3. Nc3 g6 4. e4 Bg7 5. f3 0-0 6. Bg5 c5 7. d5 e6 8. Qd2 exd5 9. cxd5 a6 10. a4 b6 11. Be2 Re8 12. Ra3 Qc7 13. Bh6 Bh8 14. h4 Nh5 15. g4 Ng3 16. Rh3 Nxe2 17. Ngxe2 Nd7 18. Nd1 Ne5 19. Ne3 Rb8 20. Rg3 c4 21. Kf1 b5 22. axb5 axb5 23. b4 Bd7 24. Nf5 Nd3 25. h5 Be5 26. hxg6 fxg6 27. f4 Bf6 28. g5 Bh8 29. Nc3 Qb6 30. Nh4 Bxc3 31. Rxc3 Rxe4 32. Rgxd3 cxd3 33. Rxd3 Rbe8 34. Ng2 Bg4 35. Rc3 Be2+ 0-1